Football par lettre - I - Statistiques

Statistiques générales
  • Ce quiz a été pris 467 fois
  • Le résultat moyen est 8 sur 10
Statistiques - réponses
Indices Solutions % Correct
Géant Suédois Ibrahimovic
98%
Prénom de Casillas Iker
90%
4 fois championne du monde Italie
90%
Pendant longtemps Ali Daei a été le meilleur buteur de l'histoire toutes sélections confondues, de quel pays vient-il ? Iran
86%
Pays de George Best Irlande du Nord
86%
Deuxième au ballon d'or 2010 puis troisième en 2012 Iniesta
82%
Sélection jouant son premier match officiel le 3 septembre 1938 face à l'Australie pour une défaite 5-3, pays venant de l'AFC Inde
73%
Les Lions de Mésopotamie Irak
72%
Vainqueur de la coupe d'Asie en 1964 Israël
43%
Francisco Román Alarcón Suárez Isco
33%
Aucun quiz correspondant
Distribution des résultats
% des personnes avec chaque résultat
Percentile par nombre de réponses
Votre historique - résultats
Vous n’avez pas pris ce quiz